00490nam a2200157 a 45000010005000000030005000050050017000100080041000270200015000680400020000831000026001032450116001292600030002454900033002757000024003083652CDMR20131024102250.0130130s1994||||||||||||||||||||||||||||d a844930024X aCDMRbcatcCDMR1 aOrtiz, Miguel Ángel10aTécnicas de comunicación en radiob: la realización radiofónicacMiguel Angel Ortiz, Jesús Marchamalo aBarcelonac1994bPaidós0 aPapeles de comunicaciónv51 aMarchamalo, Jesús